Guess The One Direction Song - Sudden Death - Statistics

General Stats
  • This quiz has been taken 11,792 times
  • The average score is 4 of 14
Answers on the Grid
Answers color-coded by a green-red scale on the quiz's grid according to % correct below.
History
Beautiful Things
Tiny Moments
You're Perfect
Kiss You
Irresistible
Better Than This
Taken
Tell Me A Lie
They Don’t Know About Us
Take Me Home
Just A Feeling
Little White Lies
Back To You
Like I Would
Diana
Gonna Be You
Four
Steal My Heart
Once In A Lifetime
Act Your Age
Home
Temporary Fix
Wolf
Summer Love
Girl Almighty
Lose You Goodbye
18
 
Answer Stats
Answer % Correct
History
88%
Kiss You
73%
Little White Lies
41%
Tell Me A Lie
37%
They Don’t Know About Us
36%
Irresistible
32%
Taken
27%
Diana
24%
18
21%
Girl Almighty
17%
Summer Love
15%
Temporary Fix
13%
Home
12%
Once In A Lifetime
12%
No matching quizzes found
Score Distribution
Percent of People with Each Score
Percentile by Number Answered
Your Score History
You have not taken this quiz